000 00281nam a2200121Ia 4500
008 241002s9999 xx 000 0 und d
082 _a808.83 LAW
100 _aLawrence, D.H
245 4 _aThe Woman Who Rode Away
260 _aLondon:
_c1960
600 _aLiterature
942 _cUC
999 _c18809
_d18809